<?xml version="1.0" encoding="UTF-8"?><?xml-stylesheet type="text/xsl" href="static/style.xsl"?><OAI-PMH xmlns="http://www.openarchives.org/OAI/2.0/" xmlns:xsi="http://www.w3.org/2001/XMLSchema-instance" xsi:schemaLocation="http://www.openarchives.org/OAI/2.0/ http://www.openarchives.org/OAI/2.0/OAI-PMH.xsd"><responseDate>2026-04-17T13:49:17Z</responseDate><request verb="GetRecord" identifier="oai:www.recercat.cat:2072/420479" metadataPrefix="marc">https://recercat.cat/oai/request</request><GetRecord><record><header><identifier>oai:recercat.cat:2072/420479</identifier><datestamp>2025-05-09T19:51:43Z</datestamp><setSpec>com_2072_98</setSpec><setSpec>col_2072_378196</setSpec></header><metadata><record xmlns="http://www.loc.gov/MARC21/slim" xmlns:dcterms="http://purl.org/dc/terms/" xmlns:xsi="http://www.w3.org/2001/XMLSchema-instance" xmlns:doc="http://www.lyncode.com/xoai" xsi:schemaLocation="http://www.loc.gov/MARC21/slim http://www.loc.gov/standards/marcxml/schema/MARC21slim.xsd">
   <leader>00925njm 22002777a 4500</leader>
   <datafield ind2=" " ind1=" " tag="042">
      <subfield code="a">dc</subfield>
   </datafield>
   <datafield ind2=" " ind1=" " tag="720">
      <subfield code="a">Vitoria Rubio, Sara</subfield>
      <subfield code="e">author</subfield>
   </datafield>
   <datafield ind2=" " ind1=" " tag="720">
      <subfield code="a">Universitat Autònoma de Barcelona. Departament de Cirurgia</subfield>
      <subfield code="e">author</subfield>
   </datafield>
   <datafield ind2=" " ind1=" " tag="720">
      <subfield code="a">Universitat Autònoma de Barcelona. Facultat de Medicina</subfield>
      <subfield code="e">author</subfield>
   </datafield>
   <datafield ind2=" " ind1=" " tag="260">
      <subfield code="c">2011</subfield>
   </datafield>
   <datafield ind2=" " ind1=" " tag="520">
      <subfield code="a">Alguns pacients ingressats en la Unitat de Cures Intensives (UCI) desenvolupen una debilitat muscular en grau variable que pot arribar fins a la tetraparesia o tretraplejia. Aquesta condició és deguda a una disfunció neuromuscular perifèrica. No existeix consens internacional per al diagnòstic. En aquest treball s'estudien, de manera prospectiva, les alteracions en l'electromiograma i la seva correlació amb l'anatomia patològica del múscul com a mètode diagnòstic de miopatia i/o neuropatia del pacient crític. A més s'avaluen diversos factors predisponents i pronòstics, conseqüències d'aquesta malaltia i el seu moment d'inici.</subfield>
   </datafield>
   <datafield ind2=" " ind1=" " tag="520">
      <subfield code="a">Algunos pacientes ingresados en la Unidad de Cuidados Intensivos (UCI) desarrollan una debilidad muscular en grado variable que puede llegar hasta la tetraparesia o tretraplejia. Esta condición es debida a una disfunción neuromuscular periférica. No existe consenso internacional para el diagnóstico. En este trabajo se estudian las alteraciones en el electromiograma y su correlación con la anatomía patológica del músculo como método diagnóstico de miopatía y/o nueropatía del paciente crítico. Además se evalúan diversos factores predisponentes y pronósticos, consecuencias de esta enfermedad y su momento de inicio.</subfield>
   </datafield>
   <datafield tag="653" ind2=" " ind1=" ">
      <subfield code="a">Músculs Malalties</subfield>
   </datafield>
   <datafield tag="653" ind2=" " ind1=" ">
      <subfield code="a">Polineuropaties</subfield>
   </datafield>
   <datafield tag="653" ind2=" " ind1=" ">
      <subfield code="a">Malalts en estat crític</subfield>
   </datafield>
   <datafield tag="653" ind2=" " ind1=" ">
      <subfield code="a">Malalties neuromusculars</subfield>
   </datafield>
   <datafield tag="653" ind2=" " ind1=" ">
      <subfield code="a">Paràlisi</subfield>
   </datafield>
   <datafield ind2="0" ind1="0" tag="245">
      <subfield code="a">Miopatía y polineuropatía en el paciente crítico. Estudio PEC : parálisis del enfermo crítico</subfield>
   </datafield>
</record></metadata></record></GetRecord></OAI-PMH>